000 00900nam a2200241Ia 4500
003 GCL
008 140319s9999 xx 000 0 ara d
020 _a2490208977
040 _aGCL /
_cGCL
082 0 4 _aق
_b962.06
_bأ ز
100 1 _aاحمد حمروش
245 1 0 _aزيارة جديدة لهيكل /
_cاحمد حمروش
250 _aالاولى
260 _aالقاهرة :
_bمكتبة مدبولى ،
_c2004
300 _a167 ص ؛
_c24 سم
650 0 4 _aمحمد حسنين هيكل
650 0 4 _aالسياسيون - تراجم
650 0 4 _aمصر - تاريخ - العصر الحديث - جمال عبدالناصر ( 1954-1970 )
650 0 4 _aمصر - الاحوال السياسية
650 0 4 _aمصر - تاريخ - العصر الحديث - انور السادات (1971 - 1981)
650 0 4 _aمصر - تاريخ - العصر الحديث
942 _2ddc
_cBK
999 _c58298
_d58298